| 000 | 00796nam a2200193 4500 | ||
|---|---|---|---|
| 001 | 5928 | ||
| 005 | 20181127180545.0 | ||
| 110 |
_aDepartment of Human Resources, Ministry of Labour and Human Resources, Royal Government of Bhutan. _b _c _d _e _n _p |
||
| 245 | 0 | 0 |
_aTVET blueprinting : _b2016-2016 / _cDepartment of Human Resources. _h |
| 260 | 0 | 0 |
_aBhutan : _bDept. of Human Resources, _c2016. |
| 300 | 0 | 0 | _a58 p. : graphs, charts. |
| 500 | 0 | 0 | _aOn cover: "A strategic approach to skilling Bhutan" |
| 650 |
_aLabor market -- Bhutan. _v _x _y _z _2 |
||
| 650 |
_aVocational education -- Planning -- Bhutan. _v _x _y _z _2 |
||
| 650 | 0 | 0 |
_aEmployment -- Youth -- Bhutan. _x |
| 650 | 0 | 0 |
_aManpower policy -- Bhutan. _x |
| 650 | 0 | 0 |
_aOccupational training -- Planning -- Bhutan. _x |
| 999 |
_c5006 _d5006 |
||